|
|
|
|
| LEADER |
00000nam a2200000 a 4500 |
| 001 |
vtls001401449 |
| 003 |
SK-MaSNL |
| 005 |
20260302001201.0 |
| 008 |
240318s2000 xx 0 und |
| 020 |
|
|
|a 8024010811
|
| 035 |
|
|
|a SNK000355953
|
| 040 |
|
|
|a SNK
|b slo
|c SNK
|e AACR2
|
| 080 |
|
|
|a 929.51
|2 1981
|
| 100 |
1 |
|
|a Řičař, Kristoslav
|4 aut
|9 12782
|
| 245 |
1 |
0 |
|a Občanská genealogie
|b Základy rodopisné práce
|
| 250 |
|
|
|a 1. vyd.
|
| 260 |
|
|
|a Praha
|b Ivo Železný
|c 2000
|
| 300 |
|
|
|a 136, 33 s.
|b fotogr., geneal. tab.
|c 27 cm
|
| 504 |
|
|
|a Lit.
|
| 919 |
|
|
|a 80-240-1081-1
|
| 999 |
|
|
|c 982839
|d 984769
|
| 952 |
|
|
|t snkRIC 929.51
|a SNKUST
|b SNKUST
|y PREZ
|7 0
|p 17A0201720
|o snkRIC 929.51
|0 0
|1 0
|4 0
|d 2000-11-27
|l 0
|r 2025-05-28 00:00:00
|w 2026-02-24
|